00399 2200169 4500001002100000005001500021008004100036035001900077041000700096082001000103090001600113100001300129245001700142260001800159300001800177650003400195INLIS00000000001484320241224114824241224||||||||| | ||| |||| || |  0010-1224014843 aid0 a551.2 a551.2 PUR a0 aPurwanto00aAwas Tsunami bGrafitic2007 a64hlm;15X21cm 0ailmu Tentang Pengetahuan Bumi